तो जनार्दन बाबू... / (Record no. 214481)

MARC details
000 -LEADER
fixed length control field 00674nam a2200181 4500
010 ## - LCCN (DPL NO)
LC control number HIN-130948
020 ## - INTERNATIONAL STANDARD BOOK NUMBER
International Standard Book Number 9789369443277
Terms of availability 450.00
035 ## - SYSTEM CONTROL NUMBER
System control number HN-103294
037 ## - SOURCE OF ACQUISITION
Source of stock number/acquisition DBAD
082 ## - DEWEY DECIMAL CLASSIFICATION NUMBER
Classification number
100 ## - MAIN ENTRY--PERSONAL NAME
Personal name गोबिन्द मिश्र
245 ## - TITLE STATEMENT
Title तो जनार्दन बाबू... /
Statement of responsibility, etc गोविन्द मिश्र
250 ## - EDITION STATEMENT
Edition statement
260 ## - PUBLICATION, DISTRIBUTION, ETC. (IMPRINT)
Place of publication, distribution, etc नई दिल्ली
Name of publisher, distributor, etc वाणी प्रकाशन
Date of publication, distribution, etc 2025
270 ## - ADDRESS
Address 4695,21-ए, दरियागंज,
City नई दिल्ली
Postal code 110002
300 ## - PHYSICAL DESCRIPTION
Extent 156पृ.
Dimensions 22सेमी (सजिल्द)
Other physical details
942 ## - ADDED ENTRY ELEMENTS (KOHA)
Source of classification or shelving scheme Dewey Decimal Classification
Item type Hindi Books
Classification part
Call number suffix गोबिन्द
Holdings
Withdrawn status Lost status Not for loan Collection code Home library Current library Date acquired Source of acquisition Cost, normal purchase price Full call number Barcode Copy number Cost, replacement price Koha item type
      Fiction Ashok Vihar Ashok Vihar 23/01/2026 DBAD 450.00 उ गोबिन्द HN-103294 1 450.00 Hindi Books

© Delhi Public Library
Hit Counter
free hit counter